000 01761nam0a2200385 i 4500
001 RU\NLR\BIBL_A\010982163
005 20260406141217.0
010 _a9785699818891
_95000
021 _aRU
_b2016-3481
_9211
035 _a(NILC)RuMoRGB-008124145
035 _a(NLR Aleph) 010982163
090 _a10879192
_c10879192
100 _a20160216d2015 km y0rusy50 ca
101 0 _arus
102 _aRU
105 _ay z 000yy
200 1 _aКрым, я люблю тебя
_e42 рассказа о Крыме
_e[сборник рассказов 36 современных писателей]
_fАндрей Битов, Михаил Елизаров, Роман Сенчин, Вадим Левенталь и др.
_gсост.: Ирина Горюнова
210 _aМосква
_cЭксмо
_d2015
215 _a538, [1] с.
_d21
225 1 _aМастера прозы
333 _a16+
675 _a821.161.1
686 2 _aШ6(2=Р)8-440.5
701 1 _8rus
_7ca
_aБитов
_bА. Г.
_f1937-2018
_gАндрей Георгиевич
_3RU\NLR\AUTH\773384
_9113380
701 1 _aЕлизаров
_bМ. Ш.
_f1949-
_gМихаил Шавадович
_9133018
_3RU\NLR\AUTH\770133052
701 1 _7ca
_8rus
_aСенчин
_bР. В.
_f1971 -
_gРоман Валерьевич
_9128894
_3RU\NLR\AUTH\770128925
701 1 _4070
_aЛевенталь
_bВ. А.
_f1981-
_gВадим Андреевич
_3RU\NLR\AUTH\770158628
_9158587
702 1 _4220
_aГорюнова
_bИ.С.
_f1972-
_gИрина Стояновна
_3RU\NLR\AUTH\770147212
_9147176
801 0 _aRU
_bРГБ
_c20160125
_gRCR
801 2 _aRU
_bРГБ
_c20160128
_grcr
942 _cBOOK
980 _aNBR